| 000 | 02085nam a2200517 i 4500 | ||
|---|---|---|---|
| 001 | 29784 | ||
| 003 | KOSZ 005 | ||
| 005 | 20200622121821.0 | ||
| 008 | 970612s1990 pl a f |000 0 pol | ||
| 015 | _aUWD 1991/7473 | ||
| 020 | _a8323203857 | ||
| 035 | _a991001892819705066 | ||
| 035 | _a(PL-WaBN)b1053071x-48omnis_nlop | ||
| 035 | _ab1053071x | ||
| 035 | _a(OCoLC)830071811 | ||
| 035 | _a(PL)b0000001053071 | ||
| 035 | _a(EXLNZ-48OMNIS_NETWORK)9910041380005606 | ||
| 040 |
_aWA N _cWA N _dKOSZ 005/EG |
||
| 080 | _a631.432 | ||
| 080 | _a556 | ||
| 080 | _a(438) | ||
| 245 | 0 | 0 |
_aObieg wody i bariery biogeochemiczne w krajobrazie rolniczym : _bsynteza wyników badań podprogramu CPBP.04.10.03 na temat Przyrodniczych podstaw kształtowania i ochrony środowiska rolniczego za okres 1986-1990 / _cred. Lech Ryszkowski, Jerzy Marcinek, Andrzej Kędziora ; Zakład Badań Środowiska Rolniczego i Leśnego PAN [Polskiej Akademii Nauk]. |
| 260 |
_aPoznań : _bWydaw. Naukowe Uniwersytetu im. Adama Mickiewicza, _c1990. |
||
| 300 |
_a187 s., [1] k. tabl. złoż. : _bmapy, rys., wykr. ; _c24 cm. |
||
| 336 |
_aTekst _btxt _2rdacontent |
||
| 337 |
_aBez urządzenia pośredniczącego _bn _2rdamedia |
||
| 338 |
_aWolumin _bnc _2rdacarrier |
||
| 380 | _aKsiążki | ||
| 388 | _a1901-2000 | ||
| 388 | _a1989-2000 | ||
| 504 | _aBibliogr. przy rozdz. | ||
| 650 | 7 |
_aHydrologia _2DBN |
|
| 650 | 7 |
_aMeteorologia rolnicza i leśna _2DBN |
|
| 650 | 7 |
_aRolnictwo _2DBN |
|
| 650 | 7 |
_aWoda _2DBN |
|
| 651 | 7 |
_aWielkopolska _2DBN |
|
| 658 | _aRolnictwo i leśnictwo | ||
| 658 | _aOchrona środowiska | ||
| 700 | 1 |
_aKędziora, Andrzej _d(1940- ) _eRedakcja |
|
| 700 | 1 |
_aMarcinek, Jerzy _d(1928- ) _eRedakcja |
|
| 700 | 1 |
_aRyszkowski, Lech _d(1931- ) _eRedakcja |
|
| 710 | 2 |
_aWydawnictwo Naukowe Uniwersytetu im. Adama Mickiewicza (Poznań) _4pbl |
|
| 856 |
_uhttp://koha.tu.koszalin.pl/cgi-bin/koha/opac-detail.pl?biblionumber=29784 _yKatalog online BPK |
||
| 942 |
_2UKD _cKS |
||
| 999 |
_c29784 _d29784 |
||